| 000 | 00706cam a2200217 4500 | ||
|---|---|---|---|
| 001 | BP1013847 | ||
| 008 | t19921992mx gr spa | ||
| 020 | _a9684229186 | ||
| 035 | _aBP1013847 | ||
| 100 | 1 | _aAyres, Frank. | |
| 245 | 1 | 0 |
_aMatrices / _cFrank Ayres ; tr. Luis Gutiérrez Diez, Angel Gutiérrez Vázquez. |
| 260 |
_aMéxico : _bMcGraw-Hill, _cc1992 |
||
| 300 |
_a217 p. ; _c24 cm. |
||
| 500 | _aTraducción de : Schaum's outline of matrices | ||
| 504 | _aIncluye índice | ||
| 650 | 4 |
_aMatrices (Matemáticas) _xProblemas, ejercicios, etc. |
|
| 700 | 1 | _aGutiérrez Díez, Luis, tr. | |
| 700 | 1 | _aGutiérrez Vázquez, Angel, tr. | |
| 942 |
_2lcc _cLIB |
||
| 999 |
_c113958 _d113958 |
||